| 000 | 00576cam a2200145Ka 4500 | ||
|---|---|---|---|
| 082 | 0 | 4 |
_a959.9 _bYOU |
| 100 | 1 |
_aYounghusband, G. J. _949571 |
|
| 245 | 1 | 4 |
_aThe Philippines and round about _bwith some account of British interests in these waters / _cby G.J. Younghusband. |
| 260 |
_aLondon ; _aNew York : _bMacmillan, _c1899. |
||
| 300 |
_a1 online resource (xiv, 230 p., [19] leaves of plates) : _bill., col. map |
||
| 526 |
_a0 _b0 _c0 _d959_900000000000000_YOU |
||
| 650 |
_aMCE _9379 |
||
| 856 | 4 | 0 | _uhttp://catalog.hathitrust.org/api/volumes/oclc/37230532.html |
| 942 |
_2ddc _cBK |
||
| 999 |
_c552701 _d552701 |
||